|
|
|
|
| LEADER |
00000nam0a2200000 4500 |
| 001 |
332103 |
| 005 |
20231102004425.0 |
| 035 |
|
|
|a (RuTPU)RU\TPU\book\358002
|
| 090 |
|
|
|a 332103
|
| 100 |
|
|
|a 20170516d1953 km y0rusy50 ca
|
| 101 |
0 |
|
|a rus
|
| 102 |
|
|
|a RU
|
| 105 |
|
|
|a a z 001zy
|
| 200 |
1 |
|
|a Тяговое хозяйство железных дорог торфяной промышленности
|f К. Н. Дормидонтов, А. З. Титов
|
| 210 |
|
|
|a Москва
|a Ленинград
|c Госэнергоиздат
|d 1953
|
| 215 |
|
|
|a 224 с.
|c ил.
|
| 320 |
|
|
|a Библиогр.: с. 224
|
| 606 |
1 |
|
|a Торфяной транспорт
|2 stltpush
|3 (RuTPU)RU\TPU\subj\61086
|9 78294
|
| 610 |
1 |
|
|a торфяная промышленность
|
| 610 |
1 |
|
|a железнодорожный транспорт
|
| 610 |
1 |
|
|a подвижной состав
|
| 610 |
1 |
|
|a тяговое хозяйство
|
| 610 |
1 |
|
|a паровозные депо
|
| 610 |
1 |
|
|a здания
|
| 610 |
1 |
|
|a оборудование
|
| 610 |
1 |
|
|a экипировка
|
| 610 |
1 |
|
|a внутрикотловая обработка
|
| 610 |
1 |
|
|a вагонное хозяйство
|
| 610 |
1 |
|
|a паровозы
|
| 610 |
1 |
|
|a ремонт
|
| 610 |
1 |
|
|a безопасность
|
| 675 |
|
|
|a 622.331.002.5
|v 4
|
| 700 |
|
1 |
|a Дормидонтов
|b К. Н.
|
| 701 |
|
1 |
|a Титов
|b А. З.
|
| 801 |
|
1 |
|a RU
|b 63413507
|c 20170516
|
| 801 |
|
2 |
|a RU
|b 63413507
|c 20201023
|g RCR
|
| 942 |
|
|
|c BK
|